Affordability (Record no. 85166)

MARC details
000 -LEADER
fixed length control field 00911cad a22002055a 4500
001 - CONTROL NUMBER
control field L160057
008 - FIXED-LENGTH DATA ELEMENTS--GENERAL INFORMATION
fixed length control field 150226s2018 xxk f 000 0 eng d
035 ## - SYSTEM CONTROL NUMBER
System control number (Sirsi) u160057
041 0# - LANGUAGE CODE
Language code of text/sound track or separate title eng
100 1# - MAIN ENTRY--PERSONAL NAME
Personal name Blackman, David
245 00 - TITLE STATEMENT
Title Affordability
Remainder of title a special report
260 ## - PUBLICATION, DISTRIBUTION, ETC.
Date of publication, distribution, etc. 2018
490 ## - SERIES STATEMENT
Series statement Modus
Volume/sequential designation May 2018, 12-20(9)
505 ## - FORMATTED CONTENTS NOTE
Formatted contents note A tale of two city states
-- Few McMillan, A. -- Big Apple fails to address core issue
-- Scruggs, G. --
520 ## - SUMMARY, ETC.
Summary, etc. A special report on affordable housing in big cities. Looks at Singapore and Hong Kong and compares their high-density housing and ownership rates. Evaluates New York's affordable housing plan, and asks which policies could help to solve the affordability crisis caused by rapid urbanisation.
590 ## - LOCAL NOTE (RLIN)
Local note KA
650 24 - SUBJECT ADDED ENTRY--TOPICAL TERM
Topical term or geographic name entry element Affordable housing
9 (RLIN) 6215
690 ## - LOCAL SUBJECT ADDED ENTRY--TOPICAL TERM (OCLC, RLIN)
Topical term or geographic name as entry element PROPERTY-RESIDENTIAL PROPERTY-DOMESTIC RESIDENTIAL PROPERTY-HOUSING
942 ## - ADDED ENTRY ELEMENTS (KOHA)
Suppress in OPAC 0
Holdings
Withdrawn status Lost status Source of classification or shelving scheme Damaged status Not for loan Home library Current library Shelving location Date acquired Total Checkouts Full call number Barcode Date last seen Copy number Price effective from Koha item type
    Dewey Decimal Classification     London London Journal article 04/05/2018   L160057 160057-1001 06/08/2019 1 06/08/2019 Journal article